000 00256nam a22000977a 4500
100 _aAmbily, K.K.
245 _aSaasthreeyamaya valaprayogathinu mannum ilayum parisodhikkam
260 _bRubber, 699(August): 2024. 14-16.
300 _bMalayalam
942 _cJS
999 _c75331
_d75331